| Tag |
First Indicator |
Second Indicator |
Subfields |
| LEADER |
00000cam a2200000 4500 |
| 001 |
in00000058174 |
| 005 |
20151008051510.0 |
| 008 |
750520s1948 nyu 00000 eng u |
| 010 |
|
|
|a 48007745
|
| 035 |
|
|
|a (OCoLC)01345910
|
| 035 |
|
|
|9 AAG8284AM
|
| 040 |
|
|
|c DZM
|d TXA
|d UtOrBLW
|
| 049 |
|
|
|a TXAM
|c [349569]
|
| 050 |
|
0 |
|a D570.A1
|b G68
|
| 082 |
0 |
|
|a 369.1861
|
| 092 |
|
|
|a 369.1861
|b G779i
|
| 100 |
1 |
|
|a Gray, Justin.
|
| 245 |
1 |
4 |
|a The inside story of the Legion /
|c by Justin Gray, with Victor H. Bernstein.
|
| 264 |
|
1 |
|a New York :
|b Boni & Gaer,
|c 1948.
|
| 300 |
|
|
|a 255 pages ;
|c 21 cm.
|
| 336 |
|
|
|a text
|b txt
|2 rdacontent
|
| 337 |
|
|
|a unmediated
|b n
|2 rdamedia
|
| 338 |
|
|
|a volume
|b nc
|2 rdacarrier
|
| 610 |
2 |
0 |
|a American Legion.
|
| 700 |
1 |
|
|a Bernstein, Victor H.
|q (Victor Heine),
|d 1904-1992.
|
| 999 |
|
|
|a MARS
|
| 999 |
f |
f |
|s 6a4954f5-e676-375b-85a5-69776000fa7d
|i 8b83d2f2-cda6-360a-83aa-8c061fd4e9fe
|t 0
|
| 952 |
f |
f |
|p ric
|a Texas A&M University
|b Rellis Campus
|c Joint Library Facility
|d Remote Storage
|t 0
|e D570.A1 G68
|h Library of Congress classification
|i unmediated -- volume
|m A14800816929
|
| 998 |
f |
f |
|a D570.A1 G68
|t 0
|l Remote Storage
|